[Event "Gruppe A"]
[Round "1.1"]
[White "Vöge,Tobias"]
[WhiteElo "2256"]
[WhiteNwz "2249"]
[Black "Schöne,Finn"]
[BlackElo "1868"]
[BlackNwz "1902"]
[Result "1-0"]
[PlyCount "59"]

1. d4 d5 2. c4 e6 3. Nc3 c6 4. e4 dxe4 5. Nxe4 Bb4+ 6. Bd2 Qxd4 7. Bxb4 Qxe4+ 8. Be2 Na6 9. Bc3 Ne7 10. Nf3 O-O 11. O-O f6 12. Re1 Qf4 13. b4 Qc7 14. Rc1 e5 15. Qb3 Be6 16. Bd3 Rad8 17. Qb1 h6 18. Re3 Rd7 19. R1e1 Bf7 20. Nxe5 fxe5 21. Bxe5 Qd8 22. Bh7+ Kh8 23. Rg3 Bg6 24. Bxg6 Nxg6 25. Qxg6 R8f7 26. Bxg7+ Rxg7 27. Re8+ Qxe8 28. Qxe8+ Kh7 29. Rxg7+ Rxg7 30. b5 1-0

[Event "Gruppe A"]
[Round "1.2"]
[White "Wernke-Schmiesing,Sebastian"]
[WhiteElo "1851"]
[WhiteNwz "1762"]
[Black "Weigand,Anton"]
[BlackElo "2204"]
[BlackNwz "2252"]
[Result "0-1"]
[PlyCount "76"]

1. d4 Nf6 2. c4 e6 3. Nf3 b6 4. g3 Bb7 5. Bg2 Be7 6. O-O O-O 7. Qc2 c5 8. Rd1 Nc6 9. Nc3 cxd4 10. Nxd4 Nxd4 11. Rxd4 Bxg2 12. Kxg2 Qc7 13. b3 Rac8 14. Bb2 d5 15. f3 Qb7 16. Rh4 h6 17. Nb5 a6 18. Nd6 Bxd6 19. Bxf6 Be7 20. Bxe7 Qxe7 21. Qb2 dxc4 22. bxc4 Qc5 23. Rg4 g6 24. Qf6 Kh7 25. Rd1 Rc7 26. R4d4 Qf5 27. Qxf5 gxf5 28. Rd6 Rxc4 29. Rxb6 Rc2 30. Rxa6 Rxe2+ 31. Kg1 Rc8 32. Ra7 Kg6 33. R1d7 R8c2 34. a4 Rg2+ 35. Kh1 Rxh2+ 36. Kg1 Rcg2+ 37. Kf1 Ra2 38. Kg1 Rhg2+ 0-1

[Event "Gruppe A"]
[Round "1.3"]
[White "Stotyn,Fabian"]
[WhiteElo "2172"]
[WhiteNwz "2236"]
[Black "Hüls,Arne"]
[BlackElo "1846"]
[BlackNwz "1791"]
[Result "1-0"]
[PlyCount "111"]

1. e4 c5 2. Be2 e6 3. d3 Nc6 4. f4 d5 5. Nf3 Nf6 6. e5 Nd7 7. c3 Be7 8. d4 O-O 9. Na3 a6 10. Nc2 b5 11. O-O b4 12. Ne3 a5 13. g4 a4 14. a3 bxc3 15. bxc3 Ba6 16. f5 Bxe2 17. Qxe2 Qb6 18. Qd3 Rab8 19. g5 cxd4 20. cxd4 Qb3 21. Qd2 exf5 22. Nxf5 Rfc8 23. Ra2 Nf8 24. Ne3 Qb5 25. Rb2 Qa5 26. Qxa5 Nxa5 27. Nxd5 Bd8 28. Rxb8 Rxb8 29. Bd2 Nb3 30. Be3 Rc8 31. Kg2 Ne6 32. Kg3 Kf8 33. Rf2 Rc4 34. Nf4 Nxf4 35. Kxf4 Be7 36. Ra2 Ke8 37. Ke4 Rc3 38. Ne1 Nc1 39. Rc2 Rxc2 40. Nxc2 Nb3 41. d5 Kd7 42. d6 Bd8 43. Kd5 Ba5 44. h3 Bc3 45. Bf4 Nd2 46. h4 g6 47. Ne3 Nb1 48. Nc4 Nxa3 49. Nxa3 Bb2 50. Nc2 a3 51. Nb4 Ba1 52. Na2 Bb2 53. Bc1 Kd8 54. Kc6 Kc8 55. Be3 Bxe5 56. d7+ 1-0

[Event "Gruppe A"]
[Round "1.4"]
[White "Baumann,Simon"]
[WhiteElo "1837"]
[WhiteNwz "1792"]
[Black "Meiwes,Thore"]
[BlackElo "2148"]
[BlackNwz "2173"]
[Result "1/2-1/2"]
[PlyCount "123"]

1. e4 c6 2. c4 d5 3. exd5 cxd5 4. cxd5 Nf6 5. Nc3 g6 6. d4 Bg7 7. Nf3 O-O 8. Bd3 N8d7 9. O-O Nb6 10. Re1 Nbxd5 11. a3 b6 12. Be3 Bb7 13. Rc1 Rc8 14. Qe2 Qd6 15. Ba6 Qb8 16. Bxb7 Qxb7 17. Qd2 Rfd8 18. h3 b5 19. Nxd5 Nxd5 20. Qa5 Qb6 21. Qxb6 Nxb6 22. Rxc8 Rxc8 23. Rc1 Rxc1+ 24. Bxc1 Nc4 25. b3 Na5 26. b4 Nc4 27. Kf1 Kf8 28. Ke2 e6 29. Kd3 Ke7 30. a4 a6 31. axb5 axb5 32. Bf4 f6 33. Nd2 Nxd2 34. Bxd2 Kd6 35. Ke4 f5+ 36. Kd3 Kd5 37. Be3 Bf6 38. g3 g5 39. f3 Be7 40. Bd2 Bd6 41. g4 h6 42. Bc3 Bg3 43. Bd2 Bf2 44. Bc3 Bg1 45. Bb2 Bh2 46. Bc3 Bf4 47. Bb2 Bg3 48. Ba1 Be1 49. Bc3 Bf2 50. Bb2 Bg3 51. Bc3 Bd6 52. Bd2 Bc7 53. Bc3 Bb6 54. Bb2 Bd8 55. Bc3 Be7 56. Bd2 Bf8 57. Bc1 Bg7 58. Bb2 Kd6 59. Ba1 Ke7 60. Bb2 Kf7 61. Bc3 Kg6 62. Bd2 1/2-1/2

[Event "Gruppe A"]
[Round "1.5"]
[White "Mündörfer,Sebastian"]
[WhiteElo "2123"]
[WhiteNwz "2103"]
[Black "Schütt,Norbert,Dr."]
[BlackElo "1836"]
[BlackNwz "1739"]
[Result "1-0"]
[PlyCount "101"]

1. d4 d5 2. Nf3 Nf6 3. c4 c6 4. Nc3 e6 5. Bg5 dxc4 6. e4 b5 7. e5 h6 8. Bh4 g5 9. Nxg5 Nd5 10. Nxf7 Qxh4 11. Nxh8 Bb4 12. Qd2 c5 13. O-O-O Nc6 14. g3 Nxc3 15. bxc3 Ba3+ 16. Kb1 Qe4+ 17. Qc2 Qxc2+ 18. Kxc2 cxd4 19. Bg2 d3+ 20. Kd2 Bb7 21. Ng6 Rb8 22. Rb1 a6 23. f4 Kf7 24. Nh4 Ne7 25. Rhf1 Bxg2 26. Nxg2 Rg8 27. Ne3 Nc6 28. g4 Ke8 29. h4 Rh8 30. Rh1 Rf8 31. Rbf1 Bc5 32. Nd1 b4 33. g5 h5 34. cxb4 Bxb4+ 35. Nc3 Nd4 36. Rb1 a5 37. a3 Nb3+ 38. Rxb3 cxb3 39. axb4 axb4 40. Ne4 Rxf4 41. Kxd3 b2 42. Ke3 Rxh4 43. Rb1 Rh2 44. Kf3 Kf7 45. Nf2 h4 46. Rxb2 h3 47. Rxb4 Kg6 48. Rg4 Rg2 49. Rxg2 hxg2 50. Kxg2 Kxg5 51. Kf3 1-0

[Event "Gruppe A"]
[Round "1.7"]
[White "Direk,Oguzhan"]
[WhiteElo "2052"]
[WhiteNwz "1999"]
[Black "Roebers,Bregje"]
[BlackElo "1815"]
[Result "1/2-1/2"]
[PlyCount "113"]

1. d4 Nf6 2. Nc3 g6 3. e4 d6 4. Be3 Bg7 5. f3 O-O 6. Qd2 c6 7. Bh6 e5 8. Bxg7 Kxg7 9. O-O-O Qa5 10. g4 b5 11. h4 b4 12. Nb1 Na6 13. h5 exd4 14. hxg6 fxg6 15. g5 Nh5 16. Bxa6 Bxa6 17. Qxd4+ Qe5 18. Qxb4 Qxg5+ 19. Nd2 Qf6 20. Nb3 c5 21. Qa4 Ng3 22. Rh2 Nf1 23. Rh1 Ng3 24. Rh2 Nf1 25. Rh3 Qg5+ 26. Kb1 Bc8 27. Rxh7+ Kxh7 28. Rxf1 Be6 29. Rd1 Qe3 30. Qa6 Rad8 31. Qxa7+ Rd7 32. Qa6 Rf4 33. Qf1 R4f7 34. Qg2 Qf4 35. Nh3 Bxh3 36. Qxh3+ Qh6 37. Qg2 Kg8 38. Qg4 Qh5 39. Qe6 Qxf3 40. Rg1 Kf8 41. Qxg6 Qf6 42. Qg8+ Ke7 43. a3 Rd8 44. Qg2 Rb8 45. Qe2 Qf2 46. Qxf2 Rxf2 47. Na5 R8f8 48. Rg7+ R8f7 49. Rg6 R7f6 50. Rg7+ Rf7 51. Rg6 R7f6 52. Rxf6 Rxf6 53. Nc4 Rf1+ 54. Ka2 Re1 55. a4 Rxe4 56. b3 d5 57. Na3 1/2-1/2

[Event "Gruppe A"]
[Round "1.8"]
[White "Elbert,Andre"]
[WhiteElo "1814"]
[WhiteNwz "1732"]
[Black "Hart,Martin"]
[BlackElo "2047"]
[BlackNwz "2027"]
[Result "0-1"]
[PlyCount "68"]

1. e4 Nf6 2. e5 Nd5 3. Nf3 c5 4. d4 cxd4 5. Qxd4 e6 6. Bd3 Nc6 7. Qe4 d6 8. O-O Qc7 9. Na3 dxe5 10. Nb5 Qb8 11. c4 f5 12. Qe2 Nf6 13. Bb1 a6 14. Nc3 e4 15. Nh4 Be7 16. g3 O-O 17. Rd1 Ng4 18. h3 N4e5 19. Nxe4 fxe4 20. Qxe4 g6 21. Ng2 Nf3+ 22. Kh1 Qe5 23. Qg4 Qg7 24. Be4 N6e5 25. Bxf3 Nxg4 26. Bxg4 e5 27. Be3 Bxg4 28. hxg4 Rad8 29. Re1 Qf7 30. b3 Qf3 31. Bh6 Rfe8 32. Rxe5 Bf6 33. Rxe8+ Rxe8 34. Rc1 Qxf2 0-1

[Event "Gruppe A"]
[Round "1.9"]
[White "Höllman,Ludger"]
[WhiteElo "2040"]
[WhiteNwz "2081"]
[Black "Kewe,Stefan"]
[BlackElo "1807"]
[BlackNwz "1720"]
[Result "0-1"]
[PlyCount "82"]

1. d4 Nf6 2. c4 e6 3. g3 Bb4+ 4. Bd2 a5 5. Bg2 O-O 6. Qc2 Nc6 7. e3 d5 8. Ne2 Qe7 9. O-O Rd8 10. a3 Bxd2 11. Nxd2 e5 12. cxd5 Nxd5 13. e4 Nb6 14. d5 Nb8 15. Rac1 c6 16. Qb3 Ra6 17. Rfe1 a4 18. Qe3 Qd6 19. Nc3 cxd5 20. exd5 N8d7 21. Nb5 Qf8 22. Red1 Ra5 23. Nc3 f6 24. Qe2 Nc5 25. Nc4 Nxc4 26. Qxc4 Kh8 27. Rc2 Bf5 28. Re2 Nb3 29. Nxa4 Nd4 30. Rxd4 exd4 31. Qxd4 Qd6 32. Nc3 h5 33. Bf3 g6 34. Qe3 b6 35. Qd4 Kg7 36. b4 Rxa3 37. Nb1 Rd3 38. Qc4 Rd1+ 39. Kg2 Qd7 40. h4 Bd3 41. Qb3 Bxe2 0-1

[Event "Gruppe A"]
[Round "1.10"]
[White "Dettmer,Niels"]
[WhiteElo "1787"]
[WhiteNwz "1732"]
[Black "Amini,Yusuf"]
[BlackElo "2021"]
[BlackNwz "2022"]
[Result "0-1"]
[PlyCount "68"]

1. d4 Nf6 2. g3 d5 3. Bg2 e6 4. Nf3 Be7 5. O-O O-O 6. c4 c6 7. b3 b6 8. Nc3 N8d7 9. Qc2 Ba6 10. Nd2 b5 11. Re1 Rc8 12. e4 dxc4 13. bxc4 e5 14. Ne2 exd4 15. Nxd4 Ne5 16. Bb2 Bc5 17. N4b3 Qe7 18. Nxc5 Qxc5 19. Qc3 Rfe8 20. Ba3 Qb6 21. c5 Qd8 22. Rad1 Qc7 23. Bb2 b4 24. Qe3 Nd3 25. Bxf6 gxf6 26. Qh6 Nxe1 27. Rxe1 Re6 28. Bh3 f5 29. Qh5 Qd8 30. Nf3 Rxe4 31. Rxe4 fxe4 32. Ng5 Qf6 33. Nxe4 Qa1+ 34. Kg2 Bf1+ 0-1

[Event "Gruppe A"]
[Round "1.11"]
[White "Bundan,Edward"]
[WhiteElo "2020"]
[WhiteNwz "2024"]
[Black "Rabiya,Karim"]
[BlackElo "1787"]
[BlackNwz "1770"]
[Result "1-0"]
[PlyCount "67"]

1. e4 Nf6 2. e5 Nd5 3. d4 d6 4. c4 Nb6 5. f4 dxe5 6. fxe5 Nc6 7. Nf3 Bg4 8. Be3 e6 9. Nc3 Bxf3 10. gxf3 Qh4+ 11. Bf2 Qf4 12. c5 Bxc5 13. dxc5 Rd8 14. Qc1 Qxf3 15. Rg1 Nd5 16. Be2 Qf5 17. Nxd5 Rxd5 18. Rg5 Qe4 19. Qe3 Qh1+ 20. Rg1 Qxh2 21. Bg3 Qh3 22. Bb5 O-O 23. Bxc6 bxc6 24. Bf4 Qxe3+ 25. Bxe3 Rxe5 26. Kf2 Rd8 27. Rad1 R8d5 28. Rxd5 cxd5 29. Re1 c6 30. b4 Re4 31. b5 Ra4 32. bxc6 Rxa2+ 33. Re2 Ra6 34. c7 1-0

[Event "Gruppe A"]
[Round "1.12"]
[White "Pac,Maksym"]
[WhiteElo "1781"]
[WhiteNwz "1798"]
[Black "Tietje,Daniel"]
[BlackElo "2005"]
[BlackNwz "1961"]
[Result "0-1"]
[PlyCount "46"]

1. d4 d5 2. Nc3 c5 3. Bf4 Nc6 4. e3 cxd4 5. exd4 Bf5 6. g4 Bg6 7. h4 h5 8. g5 e6 9. Bd3 Bxd3 10. Qxd3 g6 11. Nf3 Bd6 12. Qd2 N8e7 13. O-O-O Rc8 14. Kb1 Nf5 15. Ne2 Qc7 16. c4 O-O 17. cxd5 exd5 18. Rhg1 Rfe8 19. Bxd6 Nxd6 20. Ng3 Nc4 21. Qc3 Qf4 22. Rge1 Rxe1 23. Rxe1 Qxf3 0-1

[Event "Gruppe A"]
[Round "1.13"]
[White "Holtwessels,Jan"]
[WhiteElo "2000"]
[WhiteNwz "2055"]
[Black "Grasser,Stefan"]
[BlackElo "1777"]
[BlackNwz "1657"]
[Result "1-0"]
[PlyCount "99"]

1. e4 d5 2. exd5 Qxd5 3. Nc3 Qd6 4. d4 Nf6 5. Bd3 c6 6. N1e2 e6 7. Bf4 Qd8 8. O-O Be7 9. Re1 b6 10. Ne4 Bb7 11. Qd2 Na6 12. Rab1 Qd7 13. c3 Nc7 14. Be5 h6 15. Nf4 O-O-O 16. Qe2 N7e8 17. Ng3 Rg8 18. Bc4 Nc7 19. Bxc7 Kxc7 20. Nxe6+ Kb8 21. Nxd8 Bxd8 22. Qe4 Ka8 23. Qf5 Qc7 24. Ne4 Bc8 25. Qe5 Qd7 26. Qd6 Qb7 27. Nxf6 Bxf6 28. d5 c5 29. Bb5 Rd8 30. Qxd8 Bxd8 31. Bc6 Bd7 32. Bxb7+ Kxb7 33. c4 Bf6 34. b3 Kc7 35. Re3 Kd6 36. R1e1 a6 37. g3 b5 38. Kg2 b4 39. f4 h5 40. h3 a5 41. Kh2 a4 42. bxa4 Bxa4 43. g4 h4 44. g5 Bd4 45. Re7 b3 46. Rxf7 Bd7 47. axb3 Bf2 48. R1e7 Bg3+ 49. Kg2 Bxf4 50. Rxd7+ 1-0

[Event "Gruppe A"]
[Round "1.14"]
[White "Körber,Uwe"]
[WhiteElo "1775"]
[WhiteNwz "1664"]
[Black "Rosin,Michael"]
[BlackElo "1999"]
[BlackNwz "1920"]
[Result "0-1"]
[PlyCount "84"]

1. e4 e5 2. Nf3 Nc6 3. Nc3 Nf6 4. Bb5 Bc5 5. d3 d6 6. Bg5 h6 7. Be3 Bb6 8. Ne2 O-O 9. Bxb6 axb6 10. c3 Qe7 11. Ng3 d5 12. O-O Rd8 13. Qe2 Qc5 14. Bxc6 bxc6 15. Nxe5 dxe4 16. d4 Qd5 17. c4 Qe6 18. Rfd1 c5 19. Nxe4 cxd4 20. Nxf6+ Qxf6 21. Qf3 Qxf3 22. Nxf3 c5 23. Re1 Be6 24. b3 Ra3 25. Ne5 R8a8 26. f3 Rxa2 27. Rxa2 Rxa2 28. b4 Rc2 29. bxc5 bxc5 30. g3 Bxc4 31. Nxc4 Rxc4 32. Re8+ Kh7 33. Rd8 Rc3 34. Rd5 d3 35. Kf2 c4 36. Ke3 Rc2 37. f4 Re2+ 38. Kd4 Rc2 39. Ke3 Rxh2 40. Rd4 Rc2 41. Rd7 Kg6 42. g4 d2 0-1

[Event "Gruppe A"]
[Round "1.15"]
[White "Reckzügel,Philipp"]
[WhiteElo "1989"]
[WhiteNwz "2032"]
[Black "Oelschläger,Malo"]
[BlackElo "1775"]
[BlackNwz "1700"]
[Result "1-0"]
[PlyCount "57"]

1. d4 Nf6 2. c4 g6 3. Nc3 Bg7 4. e4 d6 5. Nf3 O-O 6. Be2 e5 7. dxe5 dxe5 8. O-O Qxd1 9. Rxd1 c6 10. h3 Na6 11. Be3 Be6 12. Rac1 Rad8 13. Bxa7 Bh6 14. Bb6 Ra8 15. Rb1 Nd7 16. Be3 Bxe3 17. fxe3 N6c5 18. Ng5 Nf6 19. Rf1 Kg7 20. Rxf6 Kxf6 21. Nxh7+ Ke7 22. Nxf8 Kxf8 23. b3 Ke7 24. Rd1 Na6 25. Rd2 Nb4 26. Kf2 Bd7 27. Na4 Ra5 28. Bd1 Be6 29. a3 1-0

[Event "Gruppe A"]
[Round "1.16"]
[White "Stein,Daniel"]
[WhiteElo "1772"]
[WhiteNwz "1640"]
[Black "Altenbernd,Jannis-Domenik"]
[BlackElo "1981"]
[BlackNwz "1890"]
[Result "0-1"]
[PlyCount "70"]

1. d4 Nf6 2. Nf3 e6 3. e3 d5 4. c4 dxc4 5. Bxc4 a6 6. O-O b5 7. Bd3 Bb7 8. a3 c5 9. dxc5 Bxc5 10. b4 Be7 11. Bb2 N8d7 12. Qe2 Rc8 13. Rd1 Qc7 14. N1d2 O-O 15. Rac1 Qb8 16. Bb1 Bd6 17. h3 h6 18. Rxc8 Rxc8 19. Qd3 Ne5 20. Bxe5 Bxe5 21. Nxe5 Qxe5 22. Nf3 Qd5 23. Ne1 Kf8 24. Qd4 Qxd4 25. exd4 Rc3 26. Nd3 Rxa3 27. Nc5 Ba8 28. Bd3 Nd5 29. Be4 Nxb4 30. Rc1 Na2 31. Rc2 Nc3 32. Bf3 b4 33. Ne4 Bb7 34. Nd2 Bxf3 35. Nxf3 Ra2 0-1

[Event "Gruppe A"]
[Round "1.17"]
[White "Bade,Hans-Jürgen"]
[WhiteElo "1970"]
[WhiteNwz "1938"]
[Black "Popkiewicz,Adam"]
[BlackElo "1766"]
[BlackNwz "1737"]
[Result "1-0"]
[PlyCount "89"]

1. e4 c5 2. Nf3 d6 3. d4 cxd4 4. Nxd4 Nf6 5. Nc3 g6 6. h3 Bg7 7. Bg5 O-O 8. Qd2 Nc6 9. Nxc6 bxc6 10. Bd3 d5 11. exd5 cxd5 12. O-O Bb7 13. Rfe1 a6 14. Rad1 Qd7 15. b3 Rac8 16. Na4 Rc6 17. Qb4 e6 18. Qh4 Qd8 19. c4 Rd6 20. Bf4 Nh5 21. Qxd8 R6xd8 22. Bc7 Rc8 23. Bh2 d4 24. g4 Nf6 25. Be5 Nd7 26. Bxg7 Kxg7 27. f4 Nf6 28. Kf2 Rfd8 29. Rd2 Rc7 30. Kg3 a5 31. Re5 Ra8 32. Rc5 Bc6 33. Nb2 Nd7 34. Rxc6 Rxc6 35. Be4 R8c8 36. Bxc6 Rxc6 37. Rxd4 Nc5 38. Nd3 Nxd3 39. Rxd3 Kf6 40. Rd7 a4 41. g5+ Kg7 42. Kf3 axb3 43. axb3 Rb6 44. Rd3 Kf8 45. Ke3 1-0

[Event "Gruppe A"]
[Round "1.18"]
[White "Wilmink,Luca"]
[WhiteElo "1764"]
[WhiteNwz "1774"]
[Black "Scheffner,Jarno"]
[BlackElo "1969"]
[BlackNwz "1958"]
[Result "0-1"]
[PlyCount "96"]

1. d4 Nf6 2. Nf3 d5 3. Bf4 c5 4. c3 Nc6 5. e3 Bg4 6. N1d2 e6 7. Qb3 Qb6 8. Be2 Be7 9. O-O O-O 10. h3 Bxf3 11. Nxf3 Qxb3 12. axb3 cxd4 13. exd4 Ne4 14. b4 a6 15. Ra2 Bd6 16. Bxd6 Nxd6 17. R1a1 Rac8 18. Ne1 Rc7 19. Nd3 Re8 20. Nc5 g5 21. Bf3 Kg7 22. Re1 R7e7 23. R2a1 Kg6 24. Nxa6 bxa6 25. Rxa6 Rc7 26. Bxd5 exd5 27. Rxe8 Nxe8 28. b5 Kf5 29. Rxc6 Rxc6 30. bxc6 Ke4 31. Kh2 f5 32. Kg3 h5 33. Kh2 h4 34. Kg1 f4 35. Kf1 Kd3 36. Ke1 Kc2 37. Ke2 Kxb2 38. Kd3 Kb3 39. Kd2 Kc4 40. Kc2 Nc7 41. Kd2 Na8 42. Kc2 g4 43. f3 gxf3 44. gxf3 Kb5 45. Kd3 Kxc6 46. c4 dxc4+ 47. Ke4 c3 48. Kd3 Kd5 0-1

[Event "Gruppe A"]
[Round "1.19"]
[White "Nürenberg,Marius"]
[WhiteElo "1953"]
[WhiteNwz "1917"]
[Black "Klausmeier,Achim"]
[BlackElo "1744"]
[BlackNwz "1686"]
[Result "1-0"]
[PlyCount "35"]

1. e4 e5 2. Nf3 Nc6 3. Bc4 Bc5 4. c3 d6 5. b4 Bb6 6. a4 a5 7. b5 Nb8 8. d4 exd4 9. cxd4 h6 10. O-O Be6 11. Bxe6 fxe6 12. Qb3 Qe7 13. Ba3 Qf7 14. N1d2 Nd7 15. Nc4 d5 16. exd5 exd5 17. Rfe1+ Kd8 18. N4e5 1-0

[Event "Gruppe A"]
[Round "1.20"]
[White "Klages,Jonas"]
[WhiteElo "1732"]
[WhiteNwz "1713"]
[Black "Schrader,Hans-Joachim"]
[BlackElo "1951"]
[BlackNwz "1865"]
[Result "1/2-1/2"]
[PlyCount "147"]

1. e4 c5 2. Nf3 d6 3. d4 cxd4 4. Nxd4 Nf6 5. Nc3 a6 6. Be2 e5 7. Nb3 Be7 8. Be3 Be6 9. Nd5 N8d7 10. f3 O-O 11. Qd2 Rc8 12. c4 Bxd5 13. cxd5 Ne8 14. Na5 Qc7 15. O-O f5 16. Rac1 Qb8 17. Rxc8 Qxc8 18. Rc1 Qb8 19. Qb4 fxe4 20. fxe4 N8f6 21. Bf3 Nc5 22. Bxc5 dxc5 23. Qxb7 Qxb7 24. Nxb7 Rb8 25. Nxc5 Rxb2 26. Nxa6 Rxa2 27. Nb8 Ra4 28. Rc8+ Kf7 29. Rc7 Kf8 30. Nd7+ Nxd7 31. Rxd7 Rd4 32. Kf2 g6 33. g3 h5 34. h4 Bb4 35. Rc7 Bd6 36. Rc6 Ke7 37. Ke3 Ra4 38. Bd1 Ra3+ 39. Kf2 Ra2+ 40. Bc2 Ra3 41. Kg2 Ra2 42. Kf2 Ra3 43. Bd1 Ra2+ 44. Be2 Ra3 45. Ba6 Ra2+ 46. Ke3 Ra3+ 47. Bd3 Ra2 48. Rc3 Ra3 49. Rxa3 Bxa3 50. Kf3 Kf6 51. Bb5 Bb4 52. Be8 Bd6 53. g4 hxg4+ 54. Kxg4 Bc5 55. Bxg6 Kxg6 56. h5+ Kf6 57. h6 Bf8 58. Kh5 Be7 59. h7 Kg7 60. h8Q+ Kxh8 61. Kg6 Kg8 62. Kf5 Kf7 63. Kxe5 Bb4 64. d6 Bc3+ 65. Kd5 Ke8 66. e5 Bxe5 67. Kxe5 Kd7 68. Kd5 Kd8 69. Kc6 Kc8 70. Kc5 Kd7 71. Kd5 Kd8 72. Ke6 Ke8 73. d7+ Kd8 74. Kd6 1/2-1/2

[Event "Gruppe A"]
[Round "1.21"]
[White "Schäfer,Maik"]
[WhiteElo "1948"]
[WhiteNwz "1907"]
[Black "Warns,Harald"]
[BlackElo "1718"]
[BlackNwz "1663"]
[Result "1/2-1/2"]
[PlyCount "92"]

1. e4 Nf6 2. e5 Nd5 3. d4 d6 4. c4 Nb6 5. exd6 exd6 6. Nf3 Be7 7. Bd3 Bg4 8. Be3 Nc6 9. N1d2 Nd7 10. a3 Bh5 11. b4 Bf6 12. Qc2 Bg6 13. Ne4 O-O 14. O-O Re8 15. Rfe1 Bh5 16. Nxf6+ Nxf6 17. Nd2 Bg6 18. b5 Bxd3 19. Qxd3 Na5 20. Bg5 Rxe1+ 21. Rxe1 h6 22. Bh4 g5 23. Bg3 Nh5 24. Re3 Nxg3 25. Rxg3 d5 26. c5 Qd7 27. h4 f6 28. hxg5 hxg5 29. Nf3 Qh7 30. Qc3 Nc4 31. Nd2 Nxd2 32. Qxd2 Qb1+ 33. Kh2 Kg7 34. Rh3 Rh8 35. Rxh8 Kxh8 36. Qe2 Qh7+ 37. Kg1 Qb1+ 38. Kh2 Qh7+ 39. Kg1 Qb1+ 40. Qf1 Qe4 41. Qd1 Kg7 42. a4 g4 43. Kf1 Kf7 44. Qd2 Qb1+ 45. Ke2 Qe4+ 46. Kf1 Qb1+ 1/2-1/2

[Event "Gruppe A"]
[Round "1.22"]
[White "Schulz,Markus"]
[WhiteElo "1689"]
[WhiteNwz "1681"]
[Black "ter Stal,Sven"]
[BlackElo "1942"]
[BlackNwz "1889"]
[Result "0-1"]
[PlyCount "88"]

1. c4 f5 2. g3 Nf6 3. Nc3 g6 4. Bg2 Bg7 5. d4 d6 6. Nf3 O-O 7. Bg5 c6 8. Qd2 Qc7 9. Bh6 e5 10. Bxg7 Kxg7 11. d5 c5 12. h4 Qe7 13. O-O-O N8d7 14. Ng5 Nb6 15. b3 e4 16. e3 Ng4 17. Rdf1 h6 18. Nh3 Nd7 19. Nf4 N7e5 20. Qe2 Bd7 21. f3 exf3 22. Bxf3 Nxf3 23. Rxf3 a6 24. a4 Rae8 25. Kd2 Rf7 26. h5 g5 27. Ng6 Qf6 28. R1f1 Nxe3 29. Rxe3 Qd4+ 30. Qd3 Rxe3 31. Qxd4+ cxd4 32. Ne2 Rxb3 33. Nxd4 Rxg3 34. Ne6+ Bxe6 35. dxe6 Rc7 36. e7 Rc8 37. Rxf5 Re8 38. Rd5 Rh3 39. Rxd6 Rxh5 40. Rd8 Kf7 41. Rxe8 Kxe8 42. Ke3 g4 43. Kf4 g3 44. Ne5 Rxe5 0-1

[Event "Gruppe A"]
[Round "1.23"]
[White "Schnier,Steffen"]
[WhiteElo "1940"]
[WhiteNwz "1911"]
[Black "Lüders Vega,Iago Ernst"]
[BlackElo "1675"]
[BlackNwz "1500"]
[Result "0-1"]
[PlyCount "45"]

1. e4 e5 2. Nh3 Nc6 3. Bc4 Nf6 4. Ng5 d5 5. exd5 Na5 6. Bb5+ c6 7. dxc6 bxc6 8. Bd3 Nd5 9. Nf3 Nf4 10. O-O Nxd3 11. cxd3 Bd6 12. Qa4 Ba6 13. Re1 Bb5 14. Qg4 O-O 15. b4 f5 16. Qh3 Bxb4 17. Bb2 Qxd3 18. Bxe5 Rae8 19. Qg3 Rf7 20. Nc3 R7e7 21. Nxb5 cxb5 22. Bxg7 Rxe1+ 23. Rxe1 0-1

[Event "Gruppe A"]
[Round "1.24"]
[White "Salim,Florian"]
[WhiteElo "1648"]
[WhiteNwz "1807"]
[Black "Grochtmann,Stephan"]
[BlackElo "1939"]
[BlackNwz "1967"]
[Result "0-1"]
[PlyCount "70"]

1. e4 Nc6 2. d4 e5 3. Nf3 exd4 4. Bc4 Nf6 5. O-O Nxe4 6. Re1 d5 7. Bxd5 Qxd5 8. Nc3 Qf5 9. Nxe4 Be6 10. Nxd4 Nxd4 11. Qxd4 Rd8 12. Qa4+ b5 13. Qa5 Be7 14. Qxc7 O-O 15. Qf4 Qg6 16. Be3 f5 17. Nc5 Bd5 18. Qg3 Qc6 19. Bd4 Bf6 20. Bxf6 Rxf6 21. Qe3 Rc8 22. Nd3 Bxg2 23. Ne5 Qb7 24. Rad1 Bc6 25. Rd2 R8f8 26. R1d1 Qe7 27. Qb3+ Kh8 28. Nxc6 Rxc6 29. Qxb5 Rg6+ 30. Kf1 Qe4 31. Qd5 Qg4 32. c3 Re8 33. Qe5 Qg2+ 34. Ke2 Rxe5+ 35. Kd3 Qe4# 0-1

[Event "Gruppe A"]
[Round "1.25"]
[White "Weitekamp,Ole"]
[WhiteElo "1930"]
[WhiteNwz "1892"]
[Black "Middelberg,Simon"]
[BlackElo "1639"]
[BlackNwz "1581"]
[Result "1-0"]
[PlyCount "55"]

1. e4 c6 2. d4 d5 3. f3 dxe4 4. fxe4 e5 5. Nf3 Bg4 6. c3 Nf6 7. Be2 N8d7 8. O-O Bd6 9. N1d2 O-O 10. Nc4 Bc7 11. Bg5 Bxf3 12. Rxf3 b5 13. Ne3 Qe8 14. Nf5 Nxe4 15. Be7 Bb6 16. Bd3 N4f6 17. Rg3 g6 18. Qd2 exd4 19. Qh6 dxc3+ 20. Kh1 Nh5 21. Rh3 cxb2 22. Rf1 Be3 23. Qxe3 gxf5 24. Rxh5 b1Q 25. Qg5+ Kh8 26. Bf6+ Nxf6 27. Qxf6+ Kg8 28. Rg5# 1-0

[Event "Gruppe A"]
[Round "1.26"]
[White "Subenko,Alexander"]
[WhiteElo "1631"]
[WhiteNwz "1611"]
[Black "Krüger,Moritz"]
[BlackElo "1909"]
[BlackNwz "1818"]
[Result "1-0"]
[PlyCount "51"]

1. e4 e6 2. d4 d5 3. exd5 exd5 4. Nf3 Bd6 5. Bd3 Nc6 6. c3 Bg4 7. h3 Bh5 8. O-O N8e7 9. Re1 Qd7 10. b4 f6 11. Be2 g5 12. b5 Na5 13. Qa4 b6 14. Ne5 fxe5 15. Bxh5+ Ng6 16. dxe5 Bc5 17. Qc2 Rg8 18. a4 Qe7 19. Nd2 O-O-O 20. Nf3 Rde8 21. Bxg5 Bxf2+ 22. Qxf2 Qd7 23. Qd2 Kb8 24. Bh6 Qf7 25. e6 Qf5 26. Bg4 1-0

[Event "Gruppe A"]
[Round "1.27"]
[White "Shynkar,Daria"]
[WhiteElo "1904"]
[WhiteNwz "1785"]
[Black "Weßels,Keke"]
[BlackElo "1534"]
[BlackNwz "1491"]
[Result "1-0"]
[PlyCount "51"]

1. d4 Nf6 2. c4 g6 3. Nc3 Bg7 4. e4 d6 5. h3 O-O 6. Be3 N8d7 7. g4 e5 8. d5 a5 9. N1e2 Nc5 10. Ng3 Bd7 11. Qd2 Qe7 12. f3 Rfd8 13. h4 Rf8 14. h5 Rfd8 15. Qh2 c6 16. hxg6 fxg6 17. g5 Nh5 18. Nxh5 gxh5 19. Qxh5 Bf8 20. g6 cxd5 21. gxh7+ Kh8 22. Bg5 Qe8 23. Bf6+ Bg7 24. Bxg7+ Kxg7 25. Qh6+ Kf7 26. Rg1 1-0

[Event "Gruppe A"]
[Round "2.1"]
[White "Altenbernd,Jannis-Domenik"]
[WhiteElo "1981"]
[WhiteNwz "1890"]
[Black "Vöge,Tobias"]
[BlackElo "2256"]
[BlackNwz "2249"]
[Result "0-1"]
[PlyCount "74"]

1. d4 e6 2. c4 Bb4+ 3. Bd2 a5 4. a3 Bxd2+ 5. Qxd2 Nf6 6. Nc3 d5 7. e3 O-O 8. Nf3 b6 9. cxd5 Nxd5 10. e4 Nxc3 11. bxc3 Qe7 12. Bd3 Nd7 13. e5 Rd8 14. Be4 Ra7 15. Qe3 Ba6 16. Ng5 h6 17. h4 c5 18. f4 cxd4 19. cxd4 Rc7 20. Nf3 R8c8 21. f5 Rc3 22. Qd2 Rxa3 23. Kf2 R8c3 24. Rxa3 Qxa3 25. f6 Bd3 26. Bxd3 Rxd3 27. Qf4 Rc3 28. fxg7 Rc2+ 29. Kg3 Kxg7 30. h5 Qd3 31. Rh4 f5 32. exf6+ Nxf6 33. Kh2 Qf5 34. Qg3+ Kh7 35. Ne5 Qg5 36. Qd3+ Kg7 37. Rh3 Qxg2# 0-1

[Event "Gruppe A"]
[Round "2.2"]
[White "Weigand,Anton"]
[WhiteElo "2204"]
[WhiteNwz "2252"]
[Black "Bade,Hans-Jürgen"]
[BlackElo "1970"]
[BlackNwz "1938"]
[Result "1-0"]
[PlyCount "23"]

1. e4 e6 2. d4 d5 3. Nc3 dxe4 4. Nxe4 Bd7 5. Nf3 Bc6 6. Bd3 Nd7 7. O-O N8f6 8. Nc3 Be7 9. Re1 b6 10. Qe2 O-O 11. Ng5 Bb4 12. Nxe6 1-0

[Event "Gruppe A"]
[Round "2.3"]
[White "Scheffner,Jarno"]
[WhiteElo "1969"]
[WhiteNwz "1958"]
[Black "Stotyn,Fabian"]
[BlackElo "2172"]
[BlackNwz "2236"]
[Result "0-1"]
[PlyCount "88"]

1. e4 e6 2. d4 d5 3. Nc3 Nf6 4. e5 N6d7 5. f4 c5 6. Nf3 Nc6 7. Be3 a6 8. Qd2 b5 9. dxc5 Bxc5 10. Bxc5 Nxc5 11. Nd4 Qb6 12. Nxc6 Qxc6 13. Qd4 Rb8 14. a3 Bd7 15. Be2 Na4 16. Nxa4 bxa4 17. Bd3 Qb6 18. Qxb6 Rxb6 19. Rb1 Ke7 20. b4 Rc8 21. Kd2 Bb5 22. h4 R6c6 23. Rb2 Rc3 24. Ra2 Bxd3 25. cxd3 Rb3 26. Rh3 R8c3 27. h5 Rxa3 28. Rxa3 Rxa3 29. Rg3 g6 30. hxg6 hxg6 31. Ke3 Rb3 32. Rf3 a3 33. Rf1 Rxb4 34. Ra1 Rb3 35. g3 Kd7 36. Kd2 a5 37. Kc2 a4 38. g4 Kc6 39. f5 gxf5 40. gxf5 Kc5 41. Rf1 Rb2+ 42. Kc1 Rb6 43. Kc2 d4 44. Ra1 Rb3 0-1

[Event "Gruppe A"]
[Round "2.4"]
[White "ter Stal,Sven"]
[WhiteElo "1942"]
[WhiteNwz "1889"]
[Black "Mündörfer,Sebastian"]
[BlackElo "2123"]
[BlackNwz "2103"]
[Result "1-0"]
[PlyCount "70"]

1. f4 d5 2. g3 g6 3. Nf3 Bg7 4. Bg2 c5 5. d3 Nf6 6. O-O Nc6 7. c3 h5 8. Qc2 d4 9. e4 dxe3 10. Bxe3 Bf5 11. Rd1 c4 12. Qa4 cxd3 13. Nd4 Kf8 14. Nxf5 gxf5 15. Qb5 Qc7 16. Rxd3 h4 17. Nd2 hxg3 18. hxg3 e6 19. Rd1 Kg8 20. Nc4 Bf8 21. Nd6 Bxd6 22. Rxd6 Nd5 23. R6xd5 exd5 24. Rxd5 Re8 25. Bf2 a6 26. Qc5 Qe7 27. Rxf5 Rh6 28. Qc4 Kg7 29. Rg5+ Rg6 30. Rxg6+ fxg6 31. Bxc6 bxc6 32. Qxc6 Qe2 33. Bd4+ Kh7 34. Qh1+ Kg8 35. Qh8+ Kf7 1-0